• 首页
  • 本馆介绍
  • 公告通知
  • 最新文献
  • 馆藏检索
  • 电子资源
  • 读者导购
  • 参考咨询
  • 我的图书馆
  • 登录
  • 详细信息显示
  • 放入我的书架
  • 预约/预借图书
  • 作者相关作品
  • 分类相关作品
  • 丛书相关作品
  • 出版社相关作品

书目信息

  • 表格格式
  • 工作单格式
  • 卡片格式
书名: Travels through Xishuangbanna
作者: by Zheng Lan.
分册号:
分册名:
出版地: Beijing :
 
出版社: Foreign Languages Press
出版时间: 1981.
页数: 55 p. :
开本: 23 cm.
丛书名:
中图分类号:
科图分类号:
其他分类号: H319.4
主题词:
电子资源:
000 00445nam 22000169i 450
001 0200070038
005 20070210160953.25
008 991206m1981 u y a 000 0
020    @cCNY3.10.
041    @aeng
090    @aK928.974
090    @aH319.4
099    @dH319.4@ex416
100 1  @aZheng@cLan.
245 10 @aTravels through Xishuangbanna / @cby Zheng Lan.
260 1  @aBeijing :@bForeign Languages Press,@c1981.
300    @a55 p. :@bill. ;@c23 cm.
    
    Travels through Xishuangbanna / / by Zheng Lan.-Beijing : : Foreign Languages Press, , 1981.
    55 p. : : ill. ; ; 23 cm.
    
    
    ISBN CNY3.10.
    
●
相关链接 在E读中查询图书 在五车中查询图书 在当当中查询图书 在豆瓣中查询图书


正题名:Travels through Xishuangbanna     索取号:H319.4/x416         预约/预借

序号 登录号 条形码 馆藏地/架位号 状态 备注
1 47160   202454174   第四借阅区/ [索取号:H319.4/x416] 在馆    
唐山师范学院图书馆 欢迎您!
大连网信软件有限公司© 版权所有